|
|
|
|
| LEADER |
00000nam a22000007a 4500 |
| 005 |
20130809180954.0 |
| 007 |
cr|||| |||| |
| 008 |
130809c20129999mx ar|| s|||| 0|||a1spa d |
| 022 |
|
|
|a 2316-4212
|
| 035 |
|
|
|a 11451
|
| 040 |
|
|
|a vLex
|
| 090 |
|
|
|c 4473
|d 4473
|
| 245 |
0 |
0 |
|a Revista Judicir̀ia do Paran ̀
|h [Recurso electrn̤ico]
|
| 256 |
|
|
|a Servicio en ln̕ea
|
| 260 |
|
|
|a [s.l.]:
|b Bonijuris,
|c 2012-
|
| 300 |
|
|
|a 1 recurso electrn̤ico
|
| 310 |
|
|
|a Anual
|
| 362 |
|
|
|a Nm︢. 1 (2012) -
|
| 506 |
1 |
|
|a Contenido solo disponible en los productos indicados
|d vLex Global
|d vLex Global (Academic Edition, excluding Law Schools)
|d vLex Global (U.S. Academic Edition, Law Schools)
|d vLex Global (U.S. Academic Edition, excluding Law Schools)
|d vLex Global (Academic Edition, Law Schools)
|
| 650 |
0 |
4 |
|a Derecho civil
|z Brasil
|
| 650 |
0 |
4 |
|a Derecho Penal
|z Brasil
|
| 650 |
0 |
4 |
|a Derecho Mercantil
|z Brasil
|
| 740 |
0 |
|
|a vLex Revistas (Servicio en ln̕ea)
|
| 856 |
4 |
0 |
|u http://vlex.com/source/revista-judiciaria-parana-11451
|z Acceso restringido
|
| 942 |
|
|
|c REV
|
| 999 |
|
|
|a Civil Law
|
| 999 |
|
|
|a Criminal law
|